000 00513nam a2200097Ia 4500
008 170517s9999 xx 000 0 und d
245 _aFour Horsemen
300 _aAs an elite class rules with unparalleled power and unchecked corruption, and a general population sits narcotized by a widespread sense of apathy, America seems doomed to fall as many other empires have done throughout history. So say the...
650 _xBusiness and Economics.
856 _uhttp://topdocumentaryfilms.com/four-horsemen-documentary/
999 _c333256
_d333256